UK Residential Market Survey (Record no. 122158)
[ view plain ]
| 000 -LEADER | |
|---|---|
| fixed length control field | 01593nam a22002057a 4500 |
| 008 - FIXED-LENGTH DATA ELEMENTS--GENERAL INFORMATION | |
| fixed length control field | 250512e20250506xxk|||||o|||| 00| 0 eng d |
| 041 ## - LANGUAGE CODE | |
| Language code of text/sound track or separate title | eng |
| 110 ## - MAIN ENTRY--CORPORATE NAME | |
| Corporate author | Royal Institution of Chartered Surveyors |
| 245 ## - TITLE STATEMENT | |
| Title | UK Residential Market Survey |
| Subtitle | April 2025 |
| Medium | [Electronic resource] |
| 260 ## - PUBLICATION INFORMATION | |
| Place of publication | London, |
| Publisher | Royal Institution of Chartered Surveyors, |
| Date | May 2025 |
| 300 ## - PHYSICAL DESCRIPTION | |
| Physical description | 16p |
| 490 ## - SERIES TITLE | |
| Series statement | RICS UK Residential Market Survey |
| 520 ## - ABSTRACT | |
| Abstract | The April 2025 RICS UK Residential Survey results <br/>point to a further weakening across the sales <br/>market, evidenced by measures of activity slipping <br/>deeper into negative territory over the month. <br/>Similarly, near-term expectations suggest this <br/>subdued trend will persist through spring, albeit <br/>sentiment regarding the twelve-month outlook <br/>appears somewhat more resilient at this stage.<br/>At the headline level, the new buyer enquiries <br/>indicator posted a net balance of -33% in April, <br/>signalling another setback following figures of <br/>-16% and -32% returned in February and March <br/>respectively. Moreover, most parts of the UK <br/>are now seeing a weaker buyer demand picture <br/>coming through as concerns over both the <br/>domestic and global economy continue to weigh <br/>on confidence. |
| 650 ## - KEYWORDS | |
| Keywords | HOUSING MARKET |
| 650 ## - KEYWORDS | |
| Keywords | RESIDENTIAL PROPERTY |
| 651 ## - SUBJECT ADDED ENTRY--GEOGRAPHIC NAME | |
| Geographic name | United Kingdom |
| 710 ## - ADDED CORPORATE NAME | |
| Added corporate author | Royal Institution of Chartered Surveyors |
| 856 ## - ONLINE RESOURCE | |
| Uniform Resource Identifier | <a href="https://www.rics.org/content/dam/ricsglobal/documents/market-surveys/uk-residential-market-survey/web-april-2025-rics-uk-residential-market-survey-tp.pdf">https://www.rics.org/content/dam/ricsglobal/documents/market-surveys/uk-residential-market-survey/web-april-2025-rics-uk-residential-market-survey-tp.pdf</a> |
| Public note | Available on RICS.org |
| 942 ## - ADDED ENTRY ELEMENTS (KOHA) | |
| Suppress in OPAC | Do not suppress in OPAC |
| Lost status | Damaged status | Not for loan | Current library | Shelving location | Date acquired | Total Checkouts | Full call number | Date last seen | Price effective from | Koha item type |
|---|---|---|---|---|---|---|---|---|---|---|
| Virtual | Online | 12/05/2025 | PROPERTY MARKET DATA | 12/05/2025 | 12/05/2025 | Online material |